#1 Albums on the Billboard Hot 200 - 2020 - Statistics

General Stats
  • This quiz has been taken 45 times
  • The average score is 16 of 32
Answer Stats
Album Weeks At #1 Artist % Correct
Folklore 7 (Aug 8 - Sep 12, Oct 31) Taylor Swift
92%
Evermore 1 (Dec 26) Taylor Swift
92%
Positions 2 (Nov 14 - 21) Ariana Grande
82%
After Hours 4 (Apr 4 - 25) The Weeknd
82%
Fine Line 1 (Jan 4) Harry Styles
79%
Chromatica 1 (June 13) Lady Gaga
69%
El Último Tour Del Mundo 1 (Dec 12) Bad Bunny
64%
Rare 1 (Jan 25) Selena Gomez
64%
Map of the Soul: 7 1 (Mar 7) BTS
59%
Be 1 (Dec 5) BTS
59%
Legends Never Die 2 (July 25, Aug 1) Juice Wrld
59%
Changes 1 (Feb 29) Justin Bieber
59%
Wunna 1 (June 6) Gunna
56%
Blame it on Baby 1 (May 2) DaBaby
54%
Shoot for the Stars, Aim for the Moon 2 (July 18, Oct 24) Pop Smoke
51%
Music to Be Murdered By 1 (Feb 1) Eminem
49%
My Turn 5 (Mar 14, June 20 - July 11) Lil Baby
49%
Please Excuse Me for Being Antisocial 3 (Jan 18, Feb 8, 22)) Roddy Ricch
49%
Wonder 1 (Dec 19) Shawn Mendes
49%
Eternal Atake 1 (Mar 21) Lil Uzi Vert
46%
JackBoys 1 (Jan 11) JackBoys and Travis Scott
44%
High Off Life 1 (May 30) Future
41%
Tickets to My Downfall 1 (Oct 10) Machine Gun Kelly
36%
Funeral 1 (Feb 15) Lil Wayne
33%
Savage Mode II 1 (Oct 17) 21 Savage and Metro Boomin
31%
Detroit 2 1 (Sep 19) Big Sean
26%
What You See Is What You Get 1 (Nov 7) Luke Combs
21%
38 Baby 2 1 (May 9) YoungBoy Never Broke Again
21%
Top 1 (Sept 26) YoungBoy Never Broke Again
21%
Good Intentions 1 (May 23) Nav
13%
Here and Now 1 (May 16) Kenny Chesney
8%
Power Up 1 (Nov 28) AC/DC
5%
No matching quizzes found
Score Distribution
Percent of People with Each Score
Percentile by Number Answered
Your Score History
You have not taken this quiz